000 00304nam a22001097a 4500
040 _cSY
082 _a338
100 _aLOEUN SIMONA; លឿង​ ស៊ីម៉ូណា
245 _aTourism management, ការគ្រប់គ្រងទេសចរណ៍
260 _aRUA
_bLOE
_c1997
942 _cKB
999 _c9326
_d9326